Электрохимическое поведение иридия и его кулонометрическое определение со стеклоуглеродным электродом в промышленных материалах: автореферат диссертации на соискание ученой степени кандидата химических наук; спец. 02 00 02

Chi tiết về thư mục
Tác giả chính: Стрильченко Т. Г. Татьяна Георгиевна
Tác giả của công ty: Академия наук СССР (АН СССР) Институт геохимии и аналитической химии им. В. И. Вернадского (ГЕОХИ)
Tác giả khác: Кабанова О. Л. (научный руководитель)
Tóm tắt:Защита сост. 12.06.1986 г.
Ngôn ngữ:Tiếng Nga
Được phát hành: Москва, [Б. и.], 1986
Những chủ đề:
Định dạng: Sách
KOHA link:https://koha.lib.tpu.ru/cgi-bin/koha/opac-detail.pl?biblionumber=340691

MARC

LEADER 00000nam0a2200000 4500
001 340691
005 20231102005251.0
035 |a (RuTPU)RU\TPU\book\367614 
090 |a 340691 
100 |a 20180404d1986 k y0rusy50 ca 
101 0 |a rus 
102 |a RU 
105 |a y dm 001zy 
200 1 |a Электрохимическое поведение иридия и его кулонометрическое определение со стеклоуглеродным электродом в промышленных материалах  |e автореферат диссертации на соискание ученой степени кандидата химических наук  |e спец. 02 00 02  |f Т. Г. Стрильченко  |g Академия наук СССР (АН СССР), Институт геохимии и аналитической химии им. В. И. Вернадского (ГЕОХИ) ; науч. рук. О. Л. Кабанова 
210 |a Москва  |c [Б. и.]  |d 1986 
215 |a 19 с. 
300 |a Защита сост. 12.06.1986 г. 
320 |a Библиогр.: с. 18-19 (8 назв.) 
606 1 |a Иридий  |x Определение  |2 stltpush  |3 (RuTPU)RU\TPU\subj\75321  |9 87167 
606 1 |a Кулонометрический анализ  |2 stltpush  |3 (RuTPU)RU\TPU\subj\16733  |9 42670 
610 1 |a электрохимическое поведение 
610 1 |a определение 
610 1 |a стеклоуглеродные электроды 
610 1 |a промышленные материалы 
610 1 |a библиотека А. Г. Стромберга 
610 1 |a авторефераты диссертаций 
675 |a 543.551(04)  |v 4 
675 |a 546.93(04)  |v 4 
686 |a 02.00.02  |2 oksvnk 
700 1 |a Стрильченко  |b Т. Г.  |g Татьяна Георгиевна 
702 1 |a Кабанова  |b О. Л.  |4 727 
712 0 2 |a Академия наук СССР (АН СССР)  |b Институт геохимии и аналитической химии им. В. И. Вернадского (ГЕОХИ)  |c (Москва)  |2 stltpush  |3 (RuTPU)RU\TPU\col\11383 
801 1 |a RU  |b 63413507  |c 20180404 
801 2 |a RU  |b 63413507  |c 20180525  |g RCR 
942 |c BK